Normal view
MARC view
- District Hazara
Entry Topical Term
001 - CONTROL NUMBER
- control field: 5301
003 - CONTROL NUMBER IDENTIFIER
- control field: NUST
005 - DATE AND TIME OF LATEST TRANSACTION
- control field: 20171006123012.0
008 - FIXED-LENGTH DATA ELEMENTS
- fixed length control field: 171006|| aca||aabn | a|a d
040 ## - CATALOGING SOURCE
- Original cataloging agency: NUST
- Transcribing agency: NUST
150 ## - HEADING--TOPICAL TERM
- Topical term or geographic name entry element: District Hazara
670 ## - SOURCE DATA FOUND
- Source citation: Work cat.: (NUST): Watson, H. D 5300, Gazetteer of Hazara /, 2010
